Представление документа в формате MARC21

Поле Инд. ПП Название Значение
Тип записи a
Библиографический уровень m
001 Контрольный номер 17dac7b9-bbd5-4395-8ef0-c278310c716e
005 Дата корректировки 20250305104744.6
008 Кодируемые данные 041201
020 a ISBN 5-09-011991-0 (1)
c Цена, тираж 73.00
020 a ISBN 5-09-011993-7 (общ.)
040 a Служба первич. каталог. НБ ТвГУ
041 0_ a Код языка текста rus
080 a Индекс УДК 82.09(075.3)
a Индекс УДК 882.09(075.3)
084 a Индекс другой классификации/Индекс ББК Ш5(0)я721-1
a Индекс другой классификации/Индекс ББК Ш5(2=411.2)я721-1
090 x Авторский знак Л64
a Полочн. индекс Ш5(0)я721
245 10 a Заглавие Литература. 10 класс
n Номер части/ раздела Ч. 1
b Продолж. заглавия учеб. для общеобразоват. учреждений : в 2 ч.
c Ответственность [В. Г. Маранцман и др.] ; под ред. В. Г. Маранцмана
250 a Основные сведения об издании 3-е изд.
260 0_ a Место издания Москва
c Дата издания 2003
b Издательство Просвещение
300 a Объем 334,[1] с.
b Иллюстрации/ тип воспроизводства ил.
583 a Действие Получение впервые 425 30.11.2004
k Исполнитель действия ООО "Кроун"
583 a Действие Приписка 254 15.10.2007
k Исполнитель действия Дар ООО "Кроун"
583 a Действие Приписка 266 23.10.2007
k Исполнитель действия Дар ООО "Кроун"
650 04 a Основная рубрика Литература
x Основная подрубрика История
x Основная подрубрика Учебники для средней школы
650 04 a Основная рубрика Мировая литература
650 04 a Основная рубрика Русская литература
y Хронологическая подрубрика 18-19 вв.
653 0_ a Ключевые слова Зарубежная литература
a Ключевые слова Литература
a Ключевые слова Мировая литература
a Ключевые слова Русская литература
700 1_ a Другие авторы Маранцман Владимир Георгиевич
e Роль лиц авт.
700 1_ a Другие авторы Мирзоян Мариетта Апресовна
e Роль лиц авт.
700 1_ a Другие авторы Поринец Юрий Юрьевич
e Роль лиц авт.
700 1_ a Другие авторы Свирина Н. М.
e Роль лиц авт.
700 1_ a Другие авторы Терентьева Н. П.
e Роль лиц авт.
852 41 t Порядковый номер экземпляра 2
p Инвентарный номер 886248 95.00
p Инвентарный номер 886249 95.00
852 41 t Порядковый номер экземпляра 1
p Инвентарный номер 886863 120.00
888 a За счет средств "Лицея"
a Бесплатные
930 a Новая/Ретро учебники
952 p 425.2004 73.00 1 792461
p 425.2004 73.00 1 792462
p 254.2007 95.00 1 886248
p 254.2007 95.00 1 886249
p 266.2007 120.00 1 886863
c Вид литературы К ру
954 a Дата поступления на обработку 20041208